000 00754nam a2200217 a 4500
001 000042512
005 20201002040213.0
008 131205s1975 sp 000 0 spa d
020 _a842493475X
040 _aDO-SdBNP
_bspa
_cBNPHU
082 _axxxx
_bC568a, 1975
100 1 _aCicerón, M. T.
_969719
245 1 0 _aDe Amicitia /
_cMarco Tulio Cicerón ; texto latino con traducción literal y literaria y notas históricas por Valentín Garciá Yebra.
250 _a2a ed.
260 _aMadrid :
_bGredos,
_c1975.
300 _a140 p. ;
_c19 cm.
490 1 _aGredos bilingüe
500 _aIncluye referencias bibliográficas y notas al pie de las páginas
700 1 2 _aGarciá Yebra, Valentín
_etr.
_969720
830 0 _aGredos bilingüe
_969472
999 _c42001
_d42001